[Event "Yerevan Asrian Memorial 8th"]
[Site "Yerevan"]
[Date "2015.06.20"]
[Round "5"]
[White "Morchiashvili, Bachana"]
[Black "Permyakov, Evgeniy"]
[Result "1-0"]
[WhiteElo "2317"]
[BlackElo "2141"]
[PlyCount "55"]
[EventDate "2015.06.16"]
[EventType "swiss"]
[EventRounds "9"]
[EventCountry "ARM"]
[SourceTitle "CBM 167 Extra"]
[Source "ChessBase"]
[SourceDate "2015.09.14"]
[SourceVersion "1"]
[SourceVersionDate "2015.09.14"]
[SourceQuality "1"]

1. d4 Nf6 2. Nf3 g6 3. c4 Bg7 4. g3 0-0 5. Bg2 d6 6. 0-0 c5 7. Nc3 Nc6 8. d5 Na5 9. Nd2 e5 10. a3 b6 11. e4 Nd7 12. b4 Nb7 13. Bb2 f5 14. f4 Qe7 15. Qc2 Nf6 16. Rae1 Bd7 17. Nf3 Rae8 18. Qd2 cxb4 19. axb4 Nxe4 20. Nxe4 fxe4 21. Rxe4 Bf5 22. Ree1 e4 23. Bxg7 Kxg7 24. Ng5 e3 25. Qc3+ Kh6 26. Ne6 Rf6 27. Rxe3 Nd8 28. g4 1-0

[Event "Kemerovo Kuzbass-ch"]
[Site "Kemerovo"]
[Date "2012.11.27"]
[Round "6"]
[White "Demarchek, Alexander"]
[Black "Permyakov, Evgeniy"]
[Result "1/2-1/2"]
[WhiteElo "1890"]
[BlackElo "2092"]
[PlyCount "67"]
[EventDate "2012.11.23"]
[EventType "swiss"]
[EventRounds "9"]
[EventCountry "RUS"]
[SourceTitle "CBM 151 Extra"]
[Source "ChessBase"]
[SourceDate "2012.12.18"]
[SourceVersion "1"]
[SourceVersionDate "2012.12.18"]
[SourceQuality "1"]

1. e4 d6 2. d4 Nf6 3. Nc3 e5 4. dxe5 dxe5 5. Qxd8+ Kxd8 6. Nf3 Bd6 7. Bc4 Ke8 8. Bg5 Nbd7 9. 0-0-0 a6 10. Rhe1 h6 11. Bh4 g5 12. Bg3 Kf8 13. Nd2 c6 14. Bb3 Ke7 15. Nc4 Bc7 16. Ne3 Nc5 17. Nf5+ Bxf5 18. exf5 Nfd7 19. Bxf7 Kxf7 20. b4 Rae8 21. bxc5 Nxc5 22. Ne4 Nxe4 23. Rxe4 Re7 24. f3 Kf6 25. Bf2 Kxf5 26. Bc5 Rf7 27. Bd6 Re8 28. Bxc7 Rxc7 29. Rd6 Re6 30. Rd8 Kf6 31. h4 Rg7 32. Rh8 gxh4 33. Rxh6+ Ke7 34. Rhxh4 1/2-1/2